| 000 | 00660nam a2200169 4500 | ||
|---|---|---|---|
| 999 |
_c17113 _d17113 |
||
| 008 | 220602b ||||| |||| 00| 0 eng d | ||
| 022 | _a0732-8435 | ||
| 082 | _aDPer 657.05 C33 Sept - Dec 2012, v. 82 n. 9 - 12 | ||
| 100 |
_aGroves, Toby. _945479 |
||
| 245 |
_aA discussion of American ethics: _bthinking differently about the cultural and psychology bases of fraud/ _cToby Groves and Thomas R. Weirich. |
||
| 260 |
_aNew York: _bThe New York State Society of CPA, _c©2012. |
||
| 300 |
_av82 n12, page 65-69: _b illustrations: _c28 cm. |
||
| 500 | _aThe CPA Journal. | ||
| 650 |
_aEthics. _945480 |
||
| 700 |
_aWeirich, Thomas R. _945481 |
||
| 942 |
_2ddc _cPER |
||